000 00400nam a2200181Ia 4500
005 20250423101628.0
008 250422s9999 xx 000 0 und d
020 _a978-0-321-58903-3
050 _aUnresolved
100 _aThieman, William J.
245 0 _aUnresolved Title
250 _a2nd ed.
260 _aBoston
260 _bPearson
260 _c2009
300 _a340 p
942 _cBK
999 _c36803
_d36803